000 00410nam a22001697a 4500
005 20180312144522.0
008 160624b xxu||||| |||| 00| 0 eng d
020 _a978-81-203-2126-7
041 _aeng
082 _b9583
_a332.6
100 _aAlexander, Gordon J and Others
_92665
245 _aFundamentals of Investment
260 _bPHI
_c2007
300 _a691
650 _aManagement
_9241
942 _cBK
999 _c3836
_d3835